• 首页
  • 本馆介绍
  • 公告通知
  • 最新文献
  • 馆藏检索
  • 电子资源
  • 读者导购
  • 参考咨询
  • 我的图书馆
  • 登录
  • 详细信息显示
  • 放入我的书架
  • 预约/预借图书
  • 作者相关作品
  • 分类相关作品
  • 丛书相关作品
  • 出版社相关作品

书目信息

  • 表格格式
  • 工作单格式
  • 卡片格式
题名:
中华艺术通史简编
    
 
作者: 李希凡 主编
分册: 第一卷  
出版信息: 北京   北京师范大学出版社  2013.08
页数: 21,412页
开本: 24cm
丛书名:
单 册:
中图分类: J120.9
科图分类:
主题词: 艺术史--中国 , 艺术史
电子资源:
ISBN: 978-7-303-15909-3
000 00955nam0 2200265 450
001 010700150310
005 20140609111017.32
010    @a978-7-303-15909-3@dCNY88.00
100    @a20130913d2013 em y0chiy0110 ea
101 0  @achi
102    @aCN@b110000
105    @aa z 000yy
106    @ar
200 1  @a中华艺术通史简编@9zhong hua yi shu tong shi jian bian@h第一卷@dGeneral history of Chinese art(Concise edition)@f李希凡主编@zeng
210    @a北京@c北京师范大学出版社@d2013.08
215    @a21,412页@c图@d24cm
330    @a本书分为原始;夏商周两编,主要内容包括:原始音乐;原始舞蹈;原始建筑;原始雕塑;原始制陶及史前素陶;原始彩陶;原始岩画等。
333    @a艺术史相关研究人员
510 1  @aGeneral history of Chinese art(Concise edition)@zeng
606 0  @a艺术史@y中国
606 0  @a艺术史
690    @aJ120.9@v5
701  0 @a李希凡@9li xi fan@f(1927-)@4主编
801  0 @aCN@b人天书店@c20130913
905    @b548202-04@dJ120.9@e103:1@f3
    
    中华艺术通史简编.第一卷=General history of Chinese art(Concise edition)/李希凡主编.-北京:北京师范大学出版社,2013.08
    21,412页:图;24cm
    使用对象:艺术史相关研究人员
    
    ISBN 978-7-303-15909-3:CNY88.00
    本书分为原始;夏商周两编,主要内容包括:原始音乐;原始舞蹈;原始建筑;原始雕塑;原始制陶及史前素陶;原始彩陶;原始岩画等。
●
相关链接 在E读中查询图书 在五车中查询图书 在当当中查询图书 在豆瓣中查询图书


正题名:中华艺术通史简编     索取号:J120.9/103:1         预约/预借

序号 登录号 条形码 馆藏地/架位号 状态 备注
1 548202   205482020   第一样本阅览室/ [索取号:J120.9/103:1] 在馆    
2 548203   205482039   第一借阅区/ [索取号:J120.9/103:1] 在馆    
3 548204   205482048   美术系资料室/ [索取号:J120.9/103:1] 在馆    
唐山师范学院图书馆 欢迎您!
大连网信软件有限公司© 版权所有